Les conditions de vie des étrangers se sont améliorées depuis dix ans.

Štruktúry výdavkov cudzincov majú tendenciu vyrovnať sa francúzskym, ale ostávajú poznačené ich špecificky kultúrnou charakteristikou. Ich bývanie, úroveň spotreby a vybavenie domácností predmetmi dlhodobej spotreby sa takmer vyrovná Francúzom. Spotreba potravín je poznačená ich tradičnou kuchyňou.

Enregistré dans:
Détails bibliographiques
Auteur principal: Moutardier, M.
Format: Chapitre de livre
Langue:français
Sujets:
Tags: Ajouter un tag
Pas de tags, Soyez le premier à ajouter un tag!

MARC

LEADER 00000naa a2200000 4500
001 r005220
005 20221125091509.7
041 0 |a fre 
044 |a FR 
245 1 0 |a Les conditions de vie des étrangers se sont améliorées depuis dix ans.  |c M. Moutardier 
520 |a Štruktúry výdavkov cudzincov majú tendenciu vyrovnať sa francúzskym, ale ostávajú poznačené ich špecificky kultúrnou charakteristikou. Ich bývanie, úroveň spotreby a vybavenie domácností predmetmi dlhodobej spotreby sa takmer vyrovná Francúzom. Spotreba potravín je poznačená ich tradičnou kuchyňou. 
610 2 0 |a podmienky životné 
610 2 0 |a imigrácia 
610 2 0 |a cudzinci 
610 2 0 |a Francúzsko 
610 2 0 |a výdavky obyvateľstva 
610 2 0 |a bývanie 
610 2 0 |a vybavenosť domácností 
610 2 0 |a spotreba osobná 
610 2 0 |a údaje štatistické 
610 2 0 |a úroveň životná 
100 1 |a Moutardier, M.